[Event "IECC CL1-2001.12"]
[Site "IECC email"]
[Date "2001.05.18"]
[Round "?"]
[White "Morin, Stephane"]
[Black "Burlant, Richard"]
[Result "1/2-1/2"]
[WhiteElo "2400"]
[BlackElo "2116"]
[PlyCount "32"]
[EventDate "2001.??.??"]
[EventType "tourn (corr)"]
[EventRounds "4"]
[SourceTitle "Corr 2008"]
[Source "ChessBase"]
[SourceDate "2008.06.24"]
[SourceVersion "1"]
[SourceVersionDate "2008.06.24"]
[SourceQuality "1"]

1. e4 c5 2. Nf3 d6 3. d4 cxd4 4. Nxd4 Nf6 5. Nc3 a6 6. g3 e5 7. Nde2 Be7 8. Bg2 0-0 9. 0-0 Nbd7 10. a4 b6 11. h3 Bb7 12. g4 b5 13. axb5 axb5 14. Rxa8 Qxa8 15. Nxb5 Nxe4 16. f3 Ba6 1/2-1/2

[Event "IECC CL2-2001.07"]
[Site "IECC email"]
[Date "2001.03.05"]
[Round "?"]
[White "Castillo, German"]
[Black "Burlant, Richard"]
[Result "0-1"]
[WhiteElo "1898"]
[BlackElo "2141"]
[PlyCount "58"]
[EventDate "2001.??.??"]
[EventType "tourn (corr)"]
[EventRounds "4"]
[SourceTitle "Corr 2008"]
[Source "ChessBase"]
[SourceDate "2008.06.24"]
[SourceVersion "1"]
[SourceVersionDate "2008.06.24"]
[SourceQuality "1"]

1. d4 Nf6 2. Bg5 c6 3. Nc3 d5 4. Qd3 Qa5 5. Bd2 Na6 6. Rc1 g6 7. a3 Bf5 8. Qe3 Qd8 9. f3 Bg7 10. g4 Bc8 11. Qf2 Nc7 12. h4 h5 13. g5 Nd7 14. e4 Nb6 15. e5 Nc4 16. Bxc4 dxc4 17. Nge2 0-0 18. Ng3 f6 19. Qe3 Nd5 20. Nxd5 cxd5 21. gxf6 exf6 22. f4 Kh7 23. f5 fxe5 24. fxg6+ Kxg6 25. dxe5 Bg4 26. Ne2 Kh7 27. Nf4 Bxe5 28. Ne6 Qf6 29. Nxf8+ Rxf8 0-1

[Event "IECC CL2-2001.07"]
[Site "IECC email"]
[Date "2001.03.05"]
[Round "?"]
[White "Mayer, Eduardo"]
[Black "Burlant, Richard"]
[Result "1-0"]
[WhiteElo "2058"]
[BlackElo "2127"]
[PlyCount "111"]
[EventDate "2001.??.??"]
[EventType "tourn (corr)"]
[EventRounds "4"]
[SourceTitle "Corr 2008"]
[Source "ChessBase"]
[SourceDate "2008.06.24"]
[SourceVersion "1"]
[SourceVersionDate "2008.06.24"]
[SourceQuality "1"]

1. e4 c5 2. Nf3 d6 3. d3 Nc6 4. g3 g6 5. Bg2 Bg7 6. 0-0 e5 7. c3 Nge7 8. Nh4 Be6 9. Be3 0-0 10. Nd2 h6 11. f4 exf4 12. gxf4 f5 13. Qe1 Qc7 14. Qg3 Kh7 15. Kh1 Qb6 16. Rfb1 Rae8 17. a3 Qb5 18. a4 Qa6 19. Rg1 Bf6 20. Nhf3 Bh8 21. e5 dxe5 22. fxe5 Qxd3 23. Bxc5 Nxe5 24. Rae1 f4 25. Nxe5 Qxd2 26. Qd3 Qxd3 27. Nxd3 f3 28. Rxe6 fxg2+ 29. Rxg2 Nd5 30. Rd6 Rd8 31. Rgxg6 Nf6 32. Rxd8 Rxd8 33. Nf4 Re8 34. Rg1 Re4 35. Ng6 Nd7 36. Bxa7 Rxa4 37. Be3 Re4 38. Bc1 Be5 39. Nxe5 Nxe5 40. Rd1 h5 41. Kg2 Kg6 42. Rd5 Kf6 43. Rb5 Re2+ 44. Kg3 Nd3 45. Bg5+ Kg6 46. b3 Re5 47. Rxe5 Nxe5 48. Bf4 Nc6 49. Kf3 Kf5 50. Ke3 Na5 51. b4 Nc4+ 52. Kf3 Na3 53. Be3 b5 54. Bf4 Nc4 55. Bc7 Na3 56. Ke3 1-0